|
|
|
|
| LEADER |
01622nam a2200421 i 4500 |
| 001 |
EBC1460647 |
| 003 |
MiAaPQ |
| 005 |
20200520144314.0 |
| 006 |
m o d | |
| 007 |
cr cnu|||||||| |
| 008 |
131022s2013 ne b ob 000 0 eng|d |
| 020 |
|
|
|z 9789004261136 (paperback)
|
| 020 |
|
|
|a 9789004262973
|q (electronic bk.)
|
| 035 |
|
|
|a (MiAaPQ)EBC1460647
|
| 035 |
|
|
|a (Au-PeEL)EBL1460647
|
| 035 |
|
|
|a (CaPaEBR)ebr10778337
|
| 035 |
|
|
|a (CaONFJC)MIL528836
|
| 035 |
|
|
|a (OCoLC)859834802
|
| 040 |
|
|
|a MiAaPQ
|b eng
|e rda
|e pn
|c MiAaPQ
|d MiAaPQ
|
| 043 |
|
|
|a a-kr---
|
| 050 |
|
4 |
|a HC467
|b .F73 2013
|
| 082 |
0 |
|
|a 287
|
| 245 |
0 |
0 |
|a Korea 2013.
|n Volume 7,
|p Korea yearbook :
|b politics, economy and society /
|c edited by Rudiger Frank [and six others].
|
| 264 |
|
1 |
|a Leiden [Netherlands] :
|b Brill,
|c 2013.
|
| 300 |
|
|
|a 1 online resource (287 pages) :
|b map
|
| 336 |
|
|
|a text
|2 rdacontent
|
| 337 |
|
|
|a computer
|2 rdamedia
|
| 338 |
|
|
|a online resource
|2 rdacarrier
|
| 500 |
|
|
|a "ISSN: 1875-0273."
|
| 504 |
|
|
|a Includes bibliographical references.
|
| 588 |
|
|
|a Description based on online resource; title from PDF title page (ebrary, viewed October 31, 2013).
|
| 590 |
|
|
|a Electronic reproduction. Ann Arbor, MI : ProQuest, 2015. Available via World Wide Web. Access may be limited to ProQuest affiliated libraries.
|
| 651 |
|
0 |
|a Korea
|x Economic conditions.
|
| 651 |
|
0 |
|a Korea
|x Politics and government.
|
| 655 |
|
4 |
|a Electronic books.
|
| 700 |
1 |
|
|a Frank, Rudiger,
|d 1969-
|
| 797 |
2 |
|
|a ProQuest (Firm)
|
| 856 |
4 |
0 |
|u https://ebookcentral.proquest.com/lib/matrademy/detail.action?docID=1460647
|z Click to View
|